1483 1113 1176 1822 1845 1920 1679 1835 1224 1668 1925 1309 1128 1444 1901 1183 1265 1552 1974 1209 1571 1994 1209 1864 1710 1919 1637 1191 1764 1075 1080 1047 1556 1789 1974 1347 1126 1794 1167 1768 1188 1512 1915 1591 1338 1342 1926 1766 1990 1009 1552 1507 1697 1014 1958 1743 1469 1972 1958 1061 1229 1715 1794 1636 1034 1746 1002 1266 1552 1564 1063 1655 1561 1916 1189 1814 1381 1574 1008 1958 1856 1631 1956 1557 1178 1017 1427 1774 1299 1506 1668 1909 1848 1223 1692 1900 1884 1405 1427 BCNSPRNW ULIB Ver.6.0+V

เปลี่ยนเป็นภาษาไทย

Change to English
 แสดงรายละเอียดบรรณานุกรม
  กลับหน้าหลัก

Brief Record : Get Marc (ISO 2709) : E-mail record : QR code < ปิดหน้าต่าง
LEADER : 00000nam 2200000uu 4500
001    13399120769
003     ULIB
008    121016s2546||||th 000 0 tha d
099    วจ.LB1028.5^bจ531ค
100 0  จิราจันทร์ คณฑา และรพีพรรณ วิบูลย์วัฒนกิจ
245 00 ความพึงพอใจต่อการจัดการเรียนการสอนโดยใช้ปัญหาเป็นหลักของนักศึกษาพยาบาลวิทยาลัยพยาบาลบรมราชชนนี สวรรค์ประชารักษ์^cจิราจันทร์ คณฑา และรพีพรรณ วิบูลย์วัฒนกิจ
260    นครสวรรค์:^bวิทยาลัยพยาบาลบรมราชชนนี สวรรค์ประชารักษ์,^c2546
300    60 หน้า
650  7 การจัดการเรียนการสอน^xวิจัย
650  7 การสอนโดยใช้ปัญหา^xวิจัย
700 0  รพีพรรณ วิบูลย์วัฒนกิจ
945    ^p0^l0^i032837
945    ^p0^l0^i001487
995    เกษร
999    ^aใช้งานได้ทุกระบบ
รายการนี้ยังไม่มีแท็ก
คุณยังไม่ได้ล็อกอิน คุณสามารถมีกิจกรรมร่วมกับเว็บไซต์ได้ แต่ต้องล็อกอินก่อน ::
  ล็อกอิน

รายการสื่อสารสนเทศ

ลำดับที่ ประเภท เลขเรียก/บาร์โค้ด สถานที่ สถานะ
1. งานวิจัย
งานวิจัย
วจ.LB1028.5 จ531ค  
  Barcode: 032837
ห้องสมุดวิทยาเขตสวรรค์ประชารักษ์
►วิจัย
บนชั้น
2. งานวิจัย
งานวิจัย
วจ.LB1028.5 จ531ค ฉ.2 
  Barcode: 001487
ห้องสมุดวิทยาเขตสวรรค์ประชารักษ์
►วิจัย
บนชั้น

BibComment


ยังไม่เคยถูกคอมเมนท์

คอมเมนท์ทรัพยากรรายการนี้
  คอมเมนท์: ความพึงพอใจต่อการ..


 Copyright 2026. Bcnsprnw @Library